000 00400 a2200145 4500
005 20250625071028.0
020 _a0-07-2964446-4
082 _a651.7LOC
100 _aLOCKER .K . O
245 _aBusiness and Administrative Communication,
250 _a7th Ed.
260 _aNew York,
_bMcGraw-Hill,
_c2006.
300 _axxx.; 679p.; ill.; figure, picture
_bGlossary & Index
_c28cm.
942 _2ddc
_cBKS
999 _c4930
_d4930